Southville International School and Colleges
Your cart is empty.
  • Cart
  • Lists
    Public lists Eva Luna New books Lux_list list_1
    Your lists Log in to create your own lists
  • Log in to your account
  • Your cookies
  • Search history
Southville International School and Colleges
  • Advanced search
  • Recent comments
  • Most popular
  • Libraries

Log in to your account

Log in with GOOGLE


If you do not have an external account, but do have a local account, you can still log in:

  1. Home
  2. MARC view: Broadband networking /
Normal view MARC view ISBD view

Broadband networking / (Record no. 14238)

[ view plain ]
MARC details
000 -LEADER
fixed length control field 00513nam a2200181 a 4500
003 - CONTROL NUMBER IDENTIFIER
control field PILC
005 - DATE AND TIME OF LATEST TRANSACTION
control field 20150112093428.0
008 - FIXED-LENGTH DATA ELEMENTS--GENERAL INFORMATION
fixed length control field 100712s19uu xx 00 eng d
020 ## - INTERNATIONAL STANDARD BOOK NUMBER
International Standard Book Number 9780072195101
050 ## - LIBRARY OF CONGRESS CALL NUMBER
Classification number TK 5103
Item number .C329 2002
082 ## - DEWEY DECIMAL CLASSIFICATION NUMBER
Classification number CSF 004.621
Item number C24 2002
100 ## - MAIN ENTRY--PERSONAL NAME
Personal name Carty, Glen
9 (RLIN) 4529
245 ## - TITLE STATEMENT
Title Broadband networking /
Statement of responsibility, etc Carty, Glen
260 ## - PUBLICATION, DISTRIBUTION, ETC. (IMPRINT)
Place of publication, distribution, etc California :
Name of publisher, distributor, etc McGraw-Hill/Osborne,
Date of publication, distribution, etc 2002.
300 ## - PHYSICAL DESCRIPTION
Extent 461 pages :
Other physical details illustration ;
Dimensions 23 cm.
500 ## - GENERAL NOTE
General note Includes index.
942 ## - ADDED ENTRY ELEMENTS (KOHA)
Source of classification or shelving scheme Library of Congress Classification
Koha item type Books
Holdings
Withdrawn status Lost status Source of classification or shelving scheme Damaged status Home library Current library Shelving location Date acquired Total Checkouts Full call number Barcode Date last seen Copy number Price effective from Koha item type
    Library of Congress Classification   Southville International School Affiliated with Foreign Universities Library Southville International School Affiliated with Foreign Universities Library Southville Foreign University Section 07/26/2013   TK 5103 .C329 2002 SFU0045 05/15/2018 1 07/26/2013 Books

Broadband networking /

APA

Carty G., . (2002). Broadband networking. California: McGraw-Hill/Osborne.

Chicago

Carty Glen, . 2002. Broadband networking. California: McGraw-Hill/Osborne.

Harvard

Carty G., . (2002). Broadband networking. California: McGraw-Hill/Osborne.

MLA

Carty Glen, . Broadband networking. California: McGraw-Hill/Osborne. 2002.

  • Place hold
  • Print
  • Cite
  • Add to your cart (remove)
  • Save record
    BIBTEX Dublin Core MARCXML MARC (non-Unicode/MARC-8) MARC (Unicode/UTF-8) MARC (Unicode/UTF-8, Standard) MODS (XML) RIS
  • More searches
    Search for this title in:
    Other Libraries (WorldCat) Other Databases (Google Scholar) Online Stores (Bookfinder.com) Open Library (openlibrary.org)

Exporting to Dublin Core...

SOUTHVILLE LIBRARY

Southville International School and Colleges Library

1281 Tropical Ave. Cor. Luxembourg St., BF Homes International, Las Pinas City

Tel. No. 8256374 / 252358 Loc. 117/146

Powered by Koha